| Tag |
First Indicator |
Second Indicator |
Subfields |
| LEADER |
00000cam a2200000 4500 |
| 001 |
in00000182421 |
| 005 |
20151008092753.0 |
| 008 |
760812s1934 ilu b 00110 engmd |
| 010 |
|
|
|a 34028367
|
| 035 |
|
|
|a (OCoLC)02369273
|
| 035 |
|
|
|9 AAU4546AM
|
| 040 |
|
|
|a DLC
|c DGU
|d DGU
|d TXA
|d UtOrBLW
|
| 049 |
|
|
|a TXAM
|c [234987]
|
| 050 |
0 |
0 |
|a PR2343
|b .G6 1934
|
| 082 |
0 |
|
|a 928.2
|a [923.242]
|
| 100 |
1 |
|
|a Goldman, Marcus Seldon,
|d 1894-
|
| 245 |
1 |
0 |
|a Sir Philip Sidney and the Arcadia /
|c by Marcus Seldon Goldman.
|
| 264 |
|
1 |
|a [Urbana] :
|b The Universiry of Illinois,
|c 1934.
|
| 300 |
|
|
|a 236 pages ;
|c 27 cm.
|
| 336 |
|
|
|a text
|b txt
|2 rdacontent
|
| 337 |
|
|
|a unmediated
|b n
|2 rdamedia
|
| 338 |
|
|
|a volume
|b nc
|2 rdacarrier
|
| 490 |
1 |
|
|a [Illinois. University] Illinois studies in language and literature ;
|v vol. XVII, no. 1-2
|
| 500 |
|
|
|a On cover: University of Illinois bulletin. volume XXXII, number 16.
|
| 500 |
|
|
|a Also issued as thesis (PH.D.) University of Illinois.
|
| 504 |
|
|
|a Bibliography: pages 219-228.
|
| 600 |
1 |
0 |
|a Sidney, Philip,
|d 1554-1586.
|
| 600 |
1 |
0 |
|a Sidney, Philip,
|d 1554-1586.
|t Arcadia.
|
| 830 |
|
0 |
|a Illinois studies in language and literature ;
|v v. 17, no. 1-2.
|
| 999 |
|
|
|a MARS
|
| 999 |
f |
f |
|s 5e2fbec4-1201-34c7-86a5-9341a59d674e
|i 3b970258-5c31-33da-aa99-692e004f4963
|t 0
|
| 952 |
f |
f |
|p normal
|a Texas A&M University
|b College Station
|c Sterling C. Evans Library
|d Evans: Library Stacks
|t 0
|e PR2343 .G6 1934
|h Library of Congress classification
|i unmediated -- volume
|m A14803884997
|
| 998 |
f |
f |
|a PR2343 .G6 1934
|t 0
|l Evans: Library Stacks
|